Information Practices-XII (Record no. 11512)

MARC details
000 -LEADER
fixed length control field 00264nam a22000977a 4500
008 - FIXED-LENGTH DATA ELEMENTS--GENERAL INFORMATION
fixed length control field 190531b ||||| |||| 00| 0 eng d
020 ## - INTERNATIONAL STANDARD BOOK NUMBER
International Standard Book Number 9788183507417
100 ## - MAIN ENTRY--PERSONAL NAME
Personal name Agarwal Archana
9 (RLIN) 6854
245 ## - TITLE STATEMENT
Title Information Practices-XII
260 ## - PUBLICATION, DISTRIBUTION, ETC. (IMPRINT)
Place of publication, distribution, etc. New Delhi
Name of publisher, distributor, etc. Sultan Chand
Date of publication, distribution, etc. 2019
Holdings
Withdrawn status Lost status Source of classification or shelving scheme Damaged status Koha normalized classification for sorting Not for loan Home library Current library Shelving location Date acquired Total Checkouts Full call number Barcode Date last seen Price effective from Koha item type
    Dewey Decimal Classification   005_130000000000000_A9 Not For Loan Good Samaritan School Library Good Samaritan School Library Computer Science 05/31/2019   005.13 A-9 AGA15338 05/31/2019 05/31/2019 BOOK

Powered by Koha